Speedway Einzelweltmeister nach Land - Statistiken

Allgemein
  • Dieses Quiz wurde 10 mal gespielt
  • Das Durchschnittsergebnis liegt bei 7 aus 9
Antwortstatistiken
Anzahl Titel Herkunftsland % Korrekt
1 Deutschland
89%
8 Polen
89%
9 Vereinigte Staaten
89%
14 Dänemark
78%
1 Russland
78%
14 Schweden
78%
8 Australien
67%
12 Vereinigtes Königreich
56%
12 Neuseeland
44%
Keine übereinstimmenden Quizze gefunden
Verteilung der Resultate
Anzahl Personen mit jedem Resultat
Perzentil nach korrekt beantworteten Fragen
Ihre Resultats-Entwicklung
Sie haben dieses Quiz noch nicht gespielt